Statistics for Birds, A - Z

Click here to take the quiz!

General Stats

  • This quiz has been taken 27 times
  • The average score is 15 of 26

Answer Stats

Answer% Correct
Chicken
100%
Duck
100%
Eagle
100%
Flamingo
100%
Penguin
96%
Vulture
91%
Albatross
87%
Hawk
87%
Toucan
87%
Robin
87%
Blue-Jay
87%
Quail
83%
Stork
78%
Osprey
78%
Ibis
70%
Magpie
70%
Nightingale
35%
Yellowhammer
17%
Kakapo
13%
Umbrellabird
9%
Zebra Dove
4%
Lapwing
0%
Jacana
0%
Green Woodpecker
0%
Western Scrub Jay
0%
Xantus's Hummingbird
0%

Score Distribution

Percentile by Number Answered

Percent of People with Each Score

Your Score History

You have not taken this quiz